Kỹ thuật nuôi tôm sú, tôm càng xanh, ba ba

保存先:
書誌詳細
第一著者: Việt Chương
フォーマット: 図書
言語:Undetermined
出版事項: Tp. HCM Tp. HCM 2003
主題:
タグ: タグ追加
タグなし, このレコードへの初めてのタグを付けませんか!
Thư viện lưu trữ: Trung tâm Học liệu Trường Đại học Cần Thơ
LEADER 00517nam a2200193Ia 4500
001 CTU_58805
008 210402s9999 xx 000 0 und d
020 |b 8000 
082 |a 639.58 
082 |b V308 
100 |a Việt Chương 
245 0 |a Kỹ thuật nuôi tôm sú, tôm càng xanh, ba ba 
245 0 |c Việt Chương 
260 |a Tp. HCM 
260 |b Tp. HCM 
260 |c 2003 
650 |a shrimp culture 
904 |i Minh 
980 |a Trung tâm Học liệu Trường Đại học Cần Thơ